[Event "Svenska cupen 2016"]
[Site "Linkoping"]
[Date "2016.09.09"]
[Round "1.1"]
[White "Thorn, Eric"]
[Black "Ask, Josef"]
[Result "1-0"]
[WhiteElo "2331"]
[BlackElo "2193"]

1.d4 Nf6 2.c4 g6 3.Nc3 Bg7 4.e4 d6 5.Nf3 O-O 6.Be2 e5 7.Be3 Nbd7 8.O-O Re8
9.d5 Nh5 10.g3 Bf8 11.Ne1 Ng7 12.Nd3 f5 13.f3 Be7 14.Qd2 a5 15.a3 b6 16.b4
Rf8 17.c5 bxc5 18.bxc5 Ba6 19.c6 Nf6 20.Rab1 fxe4 21.fxe4 Qc8 22.Nf2 Rf7 
23.Bxa6 Qxa6 24.Qe2 Qc8 25.Rb7 Nge8 26.Rfb1 h5 27.Ba7 Ng4 28.Ncd1 Nxf2 29.
Nxf2 Rxf2 30.Qxf2 1-0

[Event "Svenska cupen 2016"]
[Site "Linkoping"]
[Date "2016.09.09"]
[Round "1.2"]
[White "Karlsson, Jorgen"]
[Black "Lokander, Martin"]
[Result "0-1"]
[WhiteElo "2154"]
[BlackElo "2317"]

1.e4 e5 2.Nc3 Nf6 3.g3 d5 4.exd5 Nxd5 5.Bg2 Nxc3 6.bxc3 Nc6 7.Ne2 Be6 8.
O-O Bd5 9.d3 Bxg2 10.Kxg2 Qd5+ 11.f3 O-O-O 12.Be3 h5 13.h4 Ne7 14.c4 Qc6 
15.a4 Nf5 16.Qd2 Bc5 17.Bxc5 Qxc5 18.Rf2 Qxc4 19.Qa5 Qd5 20.Qxa7 Rh6 21.
Nc3 Qd4 22.Qxd4 exd4 23.Ne4 Rc6 24.Ra2 Ne3+ 25.Kh3 f5 26.Ng5 Rd5 27.Re2 
Rdc5 28.g4 fxg4+ 29.fxg4 hxg4+ 30.Kg3 b6 31.Rf2 Rf6 32.Ne4 Rxf2 33.Nxf2 
Rc6 34.Ne4 Kb7 35.Kf4 Ka6 36.h5 Ka5 37.Kg3 g6 38.hxg6 Rxg6 39.c3 dxc3 40.
Nxc3 Rd6 41.Nb5 Rxd3 42.Kf4 Nd5+ 43.Kxg4 c6 44.Na7 Nb4 45.Ra1 Rd7 46.Nc8 
c5 47.Kf5 c4 48.Rc1 Rc7 49.Nd6 c3 50.Nb5 Rc5+ 51.Ke4 Na2 52.Rc2 Kxa4 53.
Rxa2+ Kxb5 54.Kd3 c2 55.Rb2+ Ka4 56.Rxc2 Rxc2 57.Kxc2 Ka3 58.Kc3 b5 59.Kc2
b4 60.Kb1 Kb3 61.Ka1 Kc2 0-1

[Event "Svenska cupen 2016"]
[Site "Linkoping"]
[Date "2016.09.09"]
[Round "1.3"]
[White "Lissang, Christopher"]
[Black "Radovic, Stefan"]
[Result "1-0"]
[WhiteElo "2313"]
[BlackElo "2076"]

1.d4 d5 2.c4 e6 3.g3 Nf6 4.Bg2 Bb4+ 5.Nd2 O-O 6.Nf3 c6 7.O-O Nbd7 8.Qc2 b6
9.e4 Bb7 10.e5 Ne8 11.cxd5 cxd5 12.Re1 Qc7 13.Qa4 a5 14.a3 Be7 15.Nf1 Bc6 
16.Qd1 Qb7 17.h4 b5 18.h5 Nb6 19.h6 g6 20.N1h2 a4 21.Ng4 Nc4 22.Bg5 Nxb2 
23.Qd2 Nc4 24.Qf4 Qd7 25.Bf6 Qd8 26.Ng5 Nxf6 27.exf6 Bd6 28.Qf3 Qd7 29.Bh3
Rfe8 30.Re2 Rf8 31.Rxe6 Nd2 32.Qe2 Ne4 33.Ne5 Bxe5 34.Rxe5 Qd6 35.Nxe4 
dxe4 36.Qe3 Qxf6 37.Rc1 Qd6 38.Rec5 Bd7 39.Bf1 Rfb8 40.Qxe4 b4 41.axb4 a3 
42.Bc4 Bf5 43.Qe3 Re8 44.Qb3 Re7 45.Bd5 Rae8 46.Qxa3 g5 47.Qf3 Qg6 48.Rc6 
Be6 49.Bxe6 Rxe6 50.Rxe6 Qxe6 51.Rc7 Rf8 52.Rc5 Qxh6 53.Qd5 g4 54.Qg5+ Qg6
55.Qxg6+ hxg6 56.b5 Rb8 57.Kf1 Kf8 58.Ke2 Ke7 59.Kd3 Kd6 60.Kc4 Re8 61.b6 
Re7 62.Kb5 Re2 63.b7 1-0

[Event "Svenska cupen 2016"]
[Site "Linkoping"]
[Date "2016.09.09"]
[Round "1.4"]
[White "Larsson, Sten"]
[Black "Aperia, Jakob"]
[Result "0-1"]
[WhiteElo "1623"]
[BlackElo "2102"]

1.d4 d5 2.Bf4 Nf6 3.Nf3 g6 4.e3 Bg7 5.Bd3 c5 6.c3 Nc6 7.O-O O-O 8.Nbd2 b6 
9.Ne5 Bb7 10.Rc1 Nh5 11.Nxc6 Bxc6 12.Bg3 Nxg3 13.hxg3 e5 14.dxe5 Bxe5 15.
Nf3 Bg7 16.Re1 Re8 17.Bf1 Qd7 18.Qd2 Rad8 19.Rcd1 b5 20.b4 Qe7 21.Rc1 c4 
22.Nd4 Bd7 23.Be2 h5 24.Bf3 Qe5 25.Qc2 a6 26.Red1 Bf6 27.Qe2 Kg7 28.Kf1 
Rh8 29.Ke1 h4 30.gxh4 Rxh4 31.Kd2 a5 32.a3 Ra8 33.Ra1 g5 34.g3 Rh2 35.Rf1 
axb4 36.axb4 Rxa1 37.Rxa1 Bf5 38.Rh1 Bd3 39.Qe1 Qxg3 40.Rxh2 Qxh2 41.Bxd5 
Qd6 42.Bh1 Qa6 43.Qc1 Qa2+ 44.Nc2 Qb3 45.Nd4 Bxd4 46.exd4 Qa2+ 47.Ke1 0-1

[Event "Svenska cupen 2016"]
[Site "Linkoping"]
[Date "2016.09.09"]
[Round "1.5"]
[White "Nithander, Victor"]
[Black "Grandell, Anders"]
[Result "1/2-1/2"]
[WhiteElo "2427"]
[BlackElo "2264"]

1.c4 e5 2.g3 Nf6 3.Bg2 d5 4.cxd5 Nxd5 5.Nc3 Nb6 6.Nf3 Nc6 7.O-O Be7 8.a3 
O-O 9.b4 Re8 10.d3 Bf8 11.Bb2 a5 12.b5 Nd4 13.Nd2 a4 14.e3 Ne6 15.Nc4 Nc5 
16.Nxb6 cxb6 17.Bd5 Be6 18.e4 Bxd5 19.Nxd5 Ra5 20.Qe2 Nb3 21.Ra2 Rxb5 22.
d4 Rxd5 23.exd5 exd4 24.Qb5 Re5 25.Rd1 Qe7 26.Qxa4 Re1+ 27.Rxe1 Qxe1+ 28.
Kg2 Qe4+ 29.f3 Qc2+ 30.Kh3 Qf5+ 31.Kg2 Qc2+ 32.Kh3 Qf5+ 33.Kg2 Qc2+ 
1/2-1/2

[Event "Svenska cupen 2016"]
[Site "Linkoping"]
[Date "2016.09.09"]
[Round "1.6"]
[White "Pantzar, Milton"]
[Black "Sagit, Rauan"]
[Result "0-1"]
[WhiteElo "2077"]
[BlackElo "2414"]

1.d4 f5 2.Nf3 Nf6 3.g3 g6 4.Bg2 Bg7 5.O-O O-O 6.b3 b6 7.Bb2 Bb7 8.c4 e6 9.
Nc3 a5 10.Qc2 Na6 11.a3 Qe8 12.Rad1 h6 13.d5 exd5 14.cxd5 Rc8 15.Rfe1 Nc5 
16.Nd4 Qf7 17.Ndb5 Ng4 18.h3 Nf6 19.e3 Ne8 20.b4 axb4 21.axb4 Na6 22.Na2 
g5 23.Bf1 Bxb2 24.Qxb2 Bxd5 25.Nbc3 Bb7 26.Rd4 Nd6 27.Red1 Nb8 28.Nb5 Qf6 
29.Nxd6 cxd6 30.Qd2 Qe7 31.Nc3 Nc6 32.Rxd6 Ne5 33.Bg2 Bf3 34.Rxd7 Nxd7 35.
Bxf3 Ne5 36.Bd5+ Kh7 37.f4 gxf4 38.exf4 Qxb4 39.Ne2 Qxd2 40.Rxd2 Nc4 41.
Ra2 Na5 42.Be6 Rc6 43.Nd4 Rd6 44.Ra4 Kg6 45.g4 fxg4 46.f5+ Kf6 47.hxg4 
Rfd8 48.Nf3 Rd3 49.Kf2 Rc3 50.Ra2 Rdd3 51.Nd2 Rd4 52.Rb2 Rcd3 53.Ke2 Rh3 
54.Bc8 Nb3 55.Nxb3 Rb4 56.Rd2 Rbxb3 57.Rd6+ Ke5 58.Re6+ Kf4 59.Kf2 Rh2+ 
60.Kg1 Rc2 0-1

[Event "Svenska cupen 2016"]
[Site "Linkoping"]
[Date "2016.09.09"]
[Round "1.7"]
[White "Lindberg, Bo"]
[Black "Petersson, Baldur Teodor"]
[Result "1-0"]
[WhiteElo "2402"]
[BlackElo "1985"]

1.Nf3 Nf6 2.b3 d5 3.Bb2 g6 4.c4 c6 5.g3 Bg7 6.Bg2 O-O 7.O-O Bg4 8.d3 Bxf3 
9.Bxf3 Nbd7 10.Nd2 Qb6 11.Rc1 e5 12.Qc2 Bh6 13.e3 Rfe8 14.Rfe1 Rad8 15.
cxd5 cxd5 16.Bg2 Nb8 17.Qc7 Nc6 18.Qxb6 axb6 19.a3 Rd6 20.Rc2 Nd7 21.b4 f5
22.Nb3 Bg7 23.b5 Na5 24.Nxa5 bxa5 25.Rc7 b6 26.Rc6 Rxc6 27.bxc6 Nf6 28.Rc1
e4 29.Bf1 Rc8 30.Bd4 Ne8 31.Bxb6 Bb2 32.Rc2 Bxa3 33.dxe4 dxe4 34.Bc4+ Kf8 
35.Be6 Rc7 36.Bxa5 Ra7 37.c7 Nd6 38.Rc6 Ke7 39.Rxd6 Rxc7 40.Bxc7 Bxd6 41.
Bxd6+ Kxe6 42.Bb8 Kf6 43.Kf1 Kg5 44.h3 Kf6 45.Ke2 Ke6 46.Kd2 Kd5 47.Kc3 
Kc5 48.Bf4 Kd5 49.Kb4 Ke6 50.Kc5 Kf7 51.Kd6 Kf6 52.h4 Kf7 53.Be5 Kf8 54.
Ke6 Kg8 55.Kf6 Kh8 56.Kf7# 1-0

[Event "Svenska cupen 2016"]
[Site "Linkoping"]
[Date "2016.09.09"]
[Round "1.8"]
[White "Fang, Andy"]
[Black "Cramling, Dan"]
[Result "0-1"]
[WhiteElo "1774"]
[BlackElo "2367"]

1.c4 c5 2.g3 g6 3.Bg2 Bg7 4.Nc3 Nc6 5.Nf3 d6 6.O-O Qd7 7.e3 Bxc3 8.bxc3 b6
9.d4 Bb7 10.Qe2 Na5 11.e4 Qa4 12.Nd2 O-O-O 13.e5 Bxg2 14.Kxg2 dxe5 15.Qxe5
Qc6+ 16.d5 Qf6 17.Qe2 h5 18.h4 Qf5 19.Nb3 Nb7 20.a4 a5 21.Be3 Nf6 22.f3 e6
23.Bg5 Rhe8 24.Qb2 exd5 25.Rab1 Rd7 26.Nxc5 bxc5 27.Qb6 Re2+ 28.Rf2 Rxf2+ 
29.Kxf2 Ne4+ 30.Kg2 Nxg5 31.hxg5 dxc4 32.Rb2 Qxg5 33.f4 Qd8 34.Qc6+ Rc7 
35.Qa6 Qd5+ 36.Kh2 Kd7 37.Qb5+ Ke7 38.Re2+ Kf8 39.Qe8+ Kg7 40.Qb8 Rd7 41.
Re8 Rd8 42.Rxd8 Nxd8 43.Qb6 Nc6 44.Qc7 Qd2+ 45.Kh3 Qd5 46.Kh2 Qe4 47.Qd6 
Ne7 48.Qxc5 Nf5 49.Qg1 Qc2+ 50.Kh3 Qxc3 51.Kh2 Qxg3+ 0-1

[Event "Svenska cupen 2016"]
[Site "Linkoping"]
[Date "2016.09.09"]
[Round "2.1"]
[White "Storme, Isak"]
[Black "Thorn, Eric"]
[Result "1/2-1/2"]
[WhiteElo "2154"]
[BlackElo "2331"]

1.e4 e5 2.Nf3 Nc6 3.Nc3 Nf6 4.Bb5 Bb4 5.O-O O-O 6.d3 d6 7.h3 Ne7 8.Ne2 c6 
9.Ba4 Ng6 10.a3 Ba5 11.b4 Bc7 12.Bb2 Nh5 13.d4 Qf6 14.Nh2 Nhf4 15.Nxf4 
Nxf4 16.dxe5 dxe5 17.Ng4 Qg5 18.Kh1 Nxg2 19.Kxg2 h5 20.Bc1 Qg6 21.f3 Be6 
22.Qe1 hxg4 23.hxg4 Bb6 24.Be3 Rad8 25.Bxb6 axb6 26.Rd1 Qg5 27.Qf2 b5 28.
Bb3 Bxb3 29.cxb3 Rxd1 30.Rxd1 Rd8 31.Rxd8+ Qxd8 32.Qa7 Qd2+ 33.Kg3 Qf4+ 
34.Kg2 Qd2+ 35.Kg3 Qf4+ 36.Kg2 Qd2+ 1/2-1/2

[Event "Svenska cupen 2016"]
[Site "Linkoping"]
[Date "2016.09.09"]
[Round "2.2"]
[White "Lokander, Martin"]
[Black "Berggren Torell, Harald"]
[Result "1-0"]
[WhiteElo "2317"]
[BlackElo "2128"]

1.Nf3 d6 2.d4 g6 3.c4 Bg7 4.Nc3 a6 5.e4 Bg4 6.Be2 Nc6 7.Be3 e5 8.d5 Bxf3 
9.Bxf3 Nd4 10.O-O Nxf3+ 11.Qxf3 Qf6 12.Qxf6 Nxf6 13.f3 h5 14.c5 Bh6 15.
Bxh6 Rxh6 16.cxd6 cxd6 17.Rfc1 O-O-O 18.Na4+ Kb8 19.Nb6 Nd7 20.Nc4 g5 21.
Ne3 Rf6 22.b4 Rf4 23.Nf5 Nf6 24.Ng3 Rh4 25.Rc2 Ne8 26.Rac1 Ng7 27.Rc7 Rf4 
28.Re7 Re8 29.Rd7 Rc8 30.Rxc8+ Kxc8 31.Rxd6 f6 32.Ne2 Kc7 33.Nxf4 Kxd6 34.
Nd3 b6 35.Kf2 Ne8 36.Nb2 Kc7 37.Ke3 Nd6 38.a4 a5 39.bxa5 bxa5 40.Kd3 Nb7 
41.Kc4 f5 42.exf5 Nd6+ 43.Kc5 Nxf5 44.Nc4 1-0

[Event "Svenska cupen 2016"]
[Site "Linkoping"]
[Date "2016.09.09"]
[Round "2.3"]
[White "Bengtsson, Jonas"]
[Black "Lissang, Christopher"]
[Result "1-0"]
[WhiteElo "2084"]
[BlackElo "2313"]

1.d4 Nf6 2.c4 e6 3.Nc3 Bb4 4.e3 O-O 5.Bd3 b6 6.Ne2 Bb7 7.a3 Be7 8.e4 d5 9.
e5 Nfd7 10.cxd5 exd5 11.O-O c5 12.f4 Nc6 13.Be3 cxd4 14.Nxd4 Nxd4 15.Bxd4 
f5 16.b4 a5 17.Qb3 Kh8 18.Rad1 axb4 19.axb4 Nb8 20.Bb5 Na6 21.Bxa6 Rxa6 
22.Be3 Qa8 23.Nb5 d4 24.Bxd4 Ra2 25.Bb2 Qa4 26.Qxa4 Rxa4 27.Rd7 Rxb4 28.
Rxe7 Bxg2 29.Rf2 Be4 1-0

[Event "Svenska cupen 2016"]
[Site "Linkoping"]
[Date "2016.09.09"]
[Round "2.4"]
[White "Aperia, Jakob"]
[Black "Andreasson, Vincent"]
[Result "0-1"]
[WhiteElo "2102"]
[BlackElo "1972"]

1.c4 c6 2.e4 d5 3.exd5 cxd5 4.cxd5 Nf6 5.Bb5+ Bd7 6.Bc4 b5 7.Bb3 Na6 8.Nf3
Nb4 9.O-O Nbxd5 10.Nc3 Nc7 11.d4 b4 12.Ne5 e6 13.Nxd7 Nxd7 14.Ne4 Be7 15.
Bf4 O-O 16.Rc1 Ne8 17.d5 e5 18.Be3 Nd6 19.Nc5 Nb6 20.Qh5 Bf6 21.Na6 Rc8 
22.Nxb4 Qd7 23.Nc6 g6 24.Qf3 Bg7 25.Rfd1 e4 26.Qe2 Nf5 27.Bc5 Rfe8 28.a4 
Bh6 29.Rc3 Bg7 30.Rc2 Qb7 31.Rdc1 Nd7 32.Na5 Qb8 33.Be3 Rxc2 34.Qxc2 Nxe3 
35.fxe3 Qb6 36.Nc4 Qb4 37.Nd2 f5 38.Bc4 Rc8 39.b3 Kh8 40.Qd1 Ne5 41.Bb5 
Rc3 42.Nb1 Rxb3 43.Rc8+ Bf8 44.Rxf8+ Kg7 45.Re8 Rxb1 0-1

[Event "Svenska cupen 2016"]
[Site "Linkoping"]
[Date "2016.09.09"]
[Round "2.5"]
[White "Tuomainen, Felix"]
[Black "Arnelind, Mikael"]
[Result "1/2-1/2"]
[WhiteElo "2150"]
[BlackElo "2204"]

1.d4 Nf6 2.c4 e6 3.Nf3 b6 4.g3 Bb7 5.Bg2 Be7 6.O-O O-O 7.Nc3 Ne4 8.Bd2 f5 
9.Qc2 d6 10.d5 Nxd2 11.Nxd2 e5 12.b4 a5 13.bxa5 Rxa5 14.a4 Ra8 15.a5 Nd7 
16.axb6 cxb6 17.Nb5 Ba6 18.Rab1 Qc8 19.Kh1 g6 20.f4 Bxb5 21.Rxb5 e4 22.Bh3
h5 23.Nxe4 Kh7 24.Nd2 Qa6 25.e4 Qa4 26.Qd3 Nc5 27.Qe2 fxe4 28.Nxe4 Nxe4 
29.Qxe4 Bf6 30.Rxb6 Rae8 31.Rb7+ Kh6 32.Be6 Qa3 33.Qc2 Qc3 34.Qxc3 Bxc3 
35.Rfb1 Rd8 36.Rc7 Rb8 37.Rbb7 Rxb7 38.Rxb7 Bd4 39.Kg2 g5 40.Kf3 gxf4 41.
gxf4 Be5 42.Bf7 Bd4 43.Ke4 Bg1 44.h3 h4 45.Be6 1/2-1/2

[Event "Svenska cupen 2016"]
[Site "Linkoping"]
[Date "2016.09.09"]
[Round "2.6"]
[White "Kumar, Rahul"]
[Black "Bit-Narva, David"]
[Result "1/2-1/2"]
[WhiteElo "2147"]
[BlackElo "2029"]

1.e4 g6 2.d4 Bg7 3.Nc3 d6 4.Bc4 e6 5.Nf3 Ne7 6.Be3 O-O 7.Qd2 d5 8.Bb3 b6 
9.h4 dxe4 10.Nxe4 Bb7 11.Ng3 h5 12.O-O-O a5 13.c3 Bd5 14.Bc2 Nf5 15.Kb1 
Nd7 16.Ne4 Nxe3 17.Qxe3 Nf6 18.Ne5 Nxe4 19.Bxe4 Bxe4+ 20.Qxe4 Qd5 21.Qe2 
c5 22.f4 cxd4 23.Rxd4 Qb7 24.Rhd1 Qe7 25.g3 Bxe5 26.Rd7 Qc5 27.fxe5 b5 28.
R1d4 b4 29.c4 Qc6 30.g4 Qh1+ 31.Rd1 Qxh4 32.gxh5 Qxh5 33.Qe3 Kg7 34.c5 
Rac8 35.Rf1 Rcd8 36.c6 Rxd7 37.cxd7 Rd8 38.Qd4 a4 39.a3 b3 40.Kc1 Qh2 41.
Kb1 Qc2+ 42.Ka1 Qc6 43.Rd1 Qb5 44.Qd6 Qe2 45.Rh1 Qg2 46.Rd1 Qc2 47.Rf1 Qc4
48.Rd1 Qc2 1/2-1/2

[Event "Svenska cupen 2016"]
[Site "Linkoping"]
[Date "2016.09.09"]
[Round "2.7"]
[White "Berglind, Axel"]
[Black "Fransson, Patrick"]
[Result "1/2-1/2"]
[WhiteElo "1946"]
[BlackElo "2117"]

1.c4 e6 2.Nf3 f5 3.g3 Nf6 4.Bg2 Be7 5.O-O O-O 6.b3 Qe8 7.Bb2 Qh5 8.d4 d6 
9.Nc3 Nbd7 10.Nd2 e5 11.dxe5 Nxe5 12.e3 Qh6 13.Qe2 c6 14.f4 Ng6 15.Bf3 Bd7
16.Rad1 Rae8 17.b4 Bd8 18.Nb3 Bc7 19.Rfe1 Rf7 20.b5 Rfe7 21.Qd3 Ne4 22.Bg2
Nf8 23.bxc6 bxc6 24.Nxe4 fxe4 25.Qd4 c5 26.Nxc5 dxc5 27.Qxc5 Bb6 28.Qd5+ 
Kh8 29.c5 Ba5 30.Rf1 Bh3 31.Be5 Bxg2 32.Kxg2 Bc7 33.Qxe4 Bxe5 34.fxe5 Nd7 
35.Qf5 Qc6+ 36.e4 Rxe5 37.Qxd7 Qxe4+ 38.Kg1 Qe3+ 39.Rf2 Qxc5 40.Rf1 h6 41.
Kg2 Qd5+ 42.Qxd5 Rxd5 43.Rf8+ Rxf8 44.Rxf8+ Kh7 45.Rf2 1/2-1/2

[Event "Svenska cupen 2016"]
[Site "Linkoping"]
[Date "2016.09.09"]
[Round "2.8"]
[White "Anderzen, Robert"]
[Black "Halvarsson, Gustav"]
[Result "0-1"]
[WhiteElo "2087"]
[BlackElo "1900"]

1.Nf3 Nf6 2.g3 g6 3.Bg2 Bg7 4.O-O O-O 5.c4 c5 6.d4 cxd4 7.Nxd4 Nc6 8.Nb3 
d6 9.Nc3 Be6 10.Nd5 Rb8 11.Bg5 Bxd5 12.cxd5 Ne5 13.Rc1 b5 14.Nd4 Qb6 15.b3
h6 16.Bf4 Nfd7 17.Nc6 Nxc6 18.Rxc6 Qb7 19.Qc1 Rbc8 20.Bxh6 b4 21.Bxg7 Kxg7
22.Bh3 f5 23.Qb2+ Nf6 24.Rfc1 Kf7 25.Bg2 Rxc6 26.Rxc6 Qb5 27.Qd2 Rh8 28.
Rc4 a5 29.e4 fxe4 30.Bxe4 Rh5 31.Qf4 Kg7 32.Rc7 Qe8 33.Qxd6 Kf8 34.Qe6 
Nxe4 35.Rc8 Nf6 36.d6 Ng8 37.d7 Nf6 38.dxe8=Q+ 0-1

[Event "Svenska cupen 2016"]
[Site "Linkoping"]
[Date "2016.09.10"]
[Round "3.1"]
[White "Storme, Isak"]
[Black "Tuomainen, Felix"]
[Result "0-1"]
[WhiteElo "2154"]
[BlackElo "2150"]

1.d4 d5 2.c4 c6 3.Nf3 Nf6 4.Nc3 e6 5.e3 Nbd7 6.Qc2 Bd6 7.g4 h6 8.Rg1 a6 9.
e4 dxe4 10.Nxe4 Nxe4 11.Qxe4 Bb4+ 12.Bd2 Bxd2+ 13.Nxd2 c5 14.d5 Nf6 15.Qe5
Kf8 16.g5 hxg5 17.Qxg5 g6 18.O-O-O Rh5 19.Qf4 e5 20.Qe3 Qd6 21.Be2 Rh8 22.
Bf3 Bf5 23.Ne4 Bxe4 24.Bxe4 b5 25.cxb5 axb5 26.Bb1 Ra4 27.Rde1 Rc4+ 28.Bc2
Nxd5 29.Qxe5 Rxc2+ 30.Kxc2 Nb4+ 31.Kb1 Qd3+ 32.Ka1 Nc2+ 33.Kb1 Na3+ 34.Ka1
Qb1+ 35.Rxb1 Nc2# 0-1

[Event "Svenska cupen 2016"]
[Site "Linkoping"]
[Date "2016.09.10"]
[Round "3.2"]
[White "Bit-Narva, David"]
[Black "Berggren Torell, Harald"]
[Result "1/2-1/2"]
[WhiteElo "2029"]
[BlackElo "2128"]

1.e4 g6 2.d4 Bg7 3.Nc3 d6 4.Be3 Nf6 5.h3 a6 6.a4 Nc6 7.Nf3 O-O 8.Bc4 Nxe4 
9.Nxe4 d5 10.Bd3 dxe4 11.Bxe4 f5 12.Bxc6 bxc6 13.Qd2 c5 14.Bh6 cxd4 15.
Bxg7 Kxg7 16.Qxd4+ Qxd4 17.Nxd4 e5 18.Nc6 Kf6 19.O-O Bb7 20.Na5 Bd5 21.c4 
Be6 22.b4 Rfd8 23.Rfd1 Rab8 24.Rxd8 Rxd8 25.b5 Ra8 26.c5 axb5 27.axb5 Bd5 
28.b6 cxb6 29.cxb6 Ra6 30.Rb1 Rxa5 31.b7 Bxb7 32.Rxb7 h5 33.Rb6+ Kg7 34.h4
Rd5 35.Rb7+ Kf6 36.Rb6+ Kf7 37.Rb7+ Kf6 38.Rb6+ Kf7 39.Rb7+ Ke6 40.Rg7 Kf6
41.Rb7 f4 42.f3 Rd1+ 43.Kh2 Re1 44.Rb6+ Kf5 45.Rb8 e4 46.Rb5+ Kf6 47.Rb6+ 
Kg7 48.fxe4 Rxe4 49.Kh3 Re1 50.Kh2 Re4 51.Rc6 Kf7 52.Rb6 Rc4 53.Rb7+ Kf6 
54.Rb6+ Kf5 55.Rb5+ Kf6 56.Rb6+ Kf5 57.Rb5+ Ke4 58.Rb6 Kf5 59.Rb5+ Kg4 60.
Rg5+ Kxh4 61.Rxg6 Rc2 62.Rf6 Kg4 63.Rf8 Rf2 64.Rg8+ Kh4 65.Rf8 Kg5 66.Kg1 
Rd2 67.Rg8+ Kf5 68.Rh8 Kg4 69.Rg8+ Kh4 70.Rf8 Kg4 1/2-1/2

[Event "Svenska cupen 2016"]
[Site "Linkoping"]
[Date "2016.09.10"]
[Round "3.3"]
[White "Bengtsson, Jonas"]
[Black "Berglind, Axel"]
[Result "1-0"]
[WhiteElo "2084"]
[BlackElo "1946"]

1.d4 d5 2.c4 e6 3.Nc3 Nf6 4.cxd5 exd5 5.Bg5 Be7 6.e3 O-O 7.Bd3 Nbd7 8.Qc2 
Re8 9.Nge2 Nf8 10.O-O g6 11.Rad1 Ne6 12.Bh4 a6 13.a3 c5 14.dxc5 Nxc5 15.
Bxf6 Bxf6 16.Bc4 Bf5 17.Qc1 dxc4 18.Rxd8 Raxd8 19.Rd1 Rd3 20.Rxd3 cxd3 21.
Ng3 Rd8 22.Nd1 Na4 23.Nxf5 gxf5 24.Qc7 d2 25.Kf1 Nxb2 26.Nxb2 d1=Q+ 27.
Nxd1 Rxd1+ 28.Ke2 Ra1 29.Qxb7 Rxa3 30.Qc8+ Kg7 31.Qxf5 a5 32.e4 a4 33.e5 
Be7 34.e6 Bf6 35.exf7 Kxf7 36.g4 h6 37.h4 Kg7 38.g5 hxg5 39.h5 Ra2+ 40.Kd3
Ba1 41.Qxg5+ Kh8 42.Qh6+ 1-0

[Event "Svenska cupen 2016"]
[Site "Linkoping"]
[Date "2016.09.10"]
[Round "3.4"]
[White "Halvarsson, Gustav"]
[Black "Andreasson, Vincent"]
[Result "1/2-1/2"]
[WhiteElo "1900"]
[BlackElo "1972"]

1.d4 d5 2.Nf3 c6 3.Bf4 Nf6 4.e3 Bf5 5.Bd3 Bxd3 6.Qxd3 e6 7.Nbd2 Bd6 8.Bg3 
b5 9.O-O Bxg3 10.hxg3 O-O 11.Ne5 Qc7 12.a4 a6 13.axb5 cxb5 14.Ra2 Nc6 15.
Nxc6 Qxc6 16.Rfa1 Rfc8 17.b3 g6 18.Kf1 Qb7 19.c4 dxc4 20.bxc4 bxc4 21.Nxc4
Qb5 22.Ne5 Qxd3+ 23.Nxd3 Rc3 24.Nc5 a5 25.Rxa5 Rxa5 26.Rxa5 Rc1+ 27.Ke2 
Rc2+ 28.Kf3 h5 29.Ra8+ Kh7 30.Ra7 Kg8 31.e4 Ng4 32.Nd3 Rd2 33.Ra3 f5 34.
exf5 exf5 35.Kf4 Nxf2 36.Nxf2 Rxf2+ 37.Ke5 Rxg2 38.Kf6 Kh7 39.d5 Rd2 40.
Ra7+ Kh6 41.Ra8 Kh7 42.Ra7+ Kh6 43.Ke6 g5 44.Rf7 h4 45.gxh4 gxh4 46.Rxf5 
h3 47.Rf1 1/2-1/2

[Event "Svenska cupen 2016"]
[Site "Linkoping"]
[Date "2016.09.10"]
[Round "3.5"]
[White "Andersson, Fredrik"]
[Black "Martinsson, Tommy"]
[Result "1-0"]
[WhiteElo "2279"]
[BlackElo "1970"]

1.e4 d5 2.exd5 Nf6 3.d4 Nxd5 4.Nf3 Bf5 5.Be2 e6 6.O-O Bd6 7.Bg5 Be7 8.Bxe7
Qxe7 9.Nbd2 O-O 10.c3 Nd7 11.Re1 Rfe8 12.Bf1 c6 13.Qb3 b6 14.g3 h6 15.Bg2 
Rac8 16.a4 Qd6 17.Nc4 Qc7 18.Nfe5 Nxe5 19.dxe5 Re7 20.Nd6 Rd8 21.c4 1-0

[Event "Svenska cupen 2016"]
[Site "Linkoping"]
[Date "2016.09.10"]
[Round "3.6"]
[White "Karlsson, Jakob"]
[Black "Larsson, Anders"]
[Result "0-1"]
[WhiteElo "1868"]
[BlackElo "2266"]

1.e4 e6 2.b3 c5 3.Bb2 Nc6 4.Nf3 a6 5.c4 d6 6.d4 Nf6 7.Nc3 cxd4 8.Nxd4 Be7 
9.Be2 O-O 10.O-O Bd7 11.Kh1 Nxd4 12.Qxd4 Bc6 13.Rad1 Qa5 14.f4 Rfd8 15.Qe3
Qc5 16.Qxc5 dxc5 17.Bf3 Ne8 18.h3 b5 19.Rxd8 Rxd8 20.cxb5 axb5 21.Rd1 Ra8 
22.e5 Bxf3 23.gxf3 b4 24.Na4 Nc7 25.Rd7 Nd5 26.f5 Bf8 27.fxe6 fxe6 28.Bc1 
c4 29.bxc4 Ne7 30.Nc5 Rxa2 31.Nxe6 Ra1 32.Rd1 Nc6 33.Nxf8 Kxf8 34.f4 b3 
35.Rg1 Kf7 36.Bb2 Rxg1+ 37.Kxg1 Na5 38.c5 Ke6 39.Bc3 g6 40.Kf2 Nc4 41.c6 
b2 42.Bxb2 Nxb2 43.Kf3 Nc4 44.Ke4 Nb6 45.h4 h5 46.Kd4 Nd5 47.Ke4 Ne7 48.c7
Kd7 49.e6+ Kxe6 50.f5+ gxf5+ 51.Kf4 Kf6 0-1

[Event "Svenska cupen 2016"]
[Site "Linkoping"]
[Date "2016.09.10"]
[Round "3.7"]
[White "Glimbrandt, Torbjorn"]
[Black "Eriksson, Joel"]
[Result "1-0"]
[WhiteElo "2218"]
[BlackElo "1861"]

1.d4 e6 2.Nf3 d5 3.c4 c6 4.g3 dxc4 5.Bg2 b5 6.O-O Bb7 7.a4 Qb6 8.b3 cxb3 
9.Qxb3 Nf6 10.Nc3 a6 11.e4 Be7 12.Be3 Ng4 13.Bf4 O-O 14.h3 Nf6 15.Be3 Nbd7
16.Ne5 b4 17.Nc4 Qa7 18.Ne2 a5 19.d5 Bc5 20.dxe6 fxe6 21.Rac1 Bxe3 22.Nxe3
Nc5 23.Qc2 Ncd7 24.Nf4 c5 25.Nxe6 Rfc8 26.Qa2 Kh8 27.Ng5 Ne5 28.Rfd1 h6 
29.Ne6 Nxe4 30.Qb2 Nc3 31.Rxc3 Bxg2 32.Rcc1 Nf3+ 33.Kxg2 Qb7 34.Rd5 c4 35.
Kxf3 Qf7+ 36.Nf4 c3 37.Qc2 g5 38.Qg6 1-0

[Event "Svenska cupen 2016"]
[Site "Linkoping"]
[Date "2016.09.10"]
[Round "3.8"]
[White "Hoglund, Linus"]
[Black "Engstrom, Kaj"]
[Result "0-1"]
[WhiteElo "1174"]
[BlackElo "2159"]

1.e4 c5 2.Nf3 e6 3.g3 a6 4.Bg2 b5 5.b3 Bb7 6.d3 Nf6 7.Bb2 Be7 8.O-O O-O 9.
Nbd2 d5 10.exd5 Bxd5 11.Re1 Nbd7 12.Ne4 Qb6 13.c4 Bb7 14.Qc2 Rad8 15.Rad1 
Ng4 16.h3 Nh6 17.Qc3 Nf5 18.g4 b4 19.Qc1 Nd4 20.Nxd4 cxd4 21.Qa1 e5 22.Bc1
f5 23.Bg5 Bxg5 24.Nxg5 Bxg2 25.Kxg2 Qc6+ 26.Nf3 fxg4 27.Re4 gxf3+ 28.Kh2 
Qd6 29.Rg1 Nf6 30.Qe1 Nxe4 31.Qxe4 Rf6 32.Kh1 Rdf8 33.Qb7 Rg6 34.Rxg6 Qxg6
0-1

[Event "Svenska cupen 2016"]
[Site "Linkoping"]
[Date "2016.09.10"]
[Round "4.1"]
[White "Andersson, Fredrik"]
[Black "Storme, Isak"]
[Result "1-0"]
[WhiteElo "2279"]
[BlackElo "2154"]

1.e4 c5 2.Nf3 d6 3.d4 cxd4 4.Nxd4 Nf6 5.Nc3 Nc6 6.Bg5 e6 7.Qd2 a6 8.O-O-O 
Bd7 9.f3 h6 10.Be3 b5 11.Nxc6 Bxc6 12.Ne2 d5 13.e5 Nd7 14.f4 Nc5 15.Nd4 
Ne4 16.Qe1 Bd7 17.Bd3 Nc5 18.Rf1 Qc7 19.Kb1 O-O-O 20.Qf2 g6 21.Nb3 Na4 22.
g4 Kb7 23.f5 gxf5 24.gxf5 Rc8 25.Bd4 h5 26.Rg1 Rh6 27.f6 Rh8 28.Rg7 Bxg7 
29.fxg7 Rhg8 30.Rg1 b4 31.Bh7 Bb5 32.Bxg8 Rxg8 33.Qf3 h4 34.Qh5 Bc4 35.
Qxh4 Bxb3 36.axb3 Nb6 37.Bxb6 Qxb6 38.Qe7+ Kc6 39.Qd6+ Kb7 40.Qxb6+ Kxb6 
41.h4 1-0

[Event "Svenska cupen 2016"]
[Site "Linkoping"]
[Date "2016.09.10"]
[Round "4.2"]
[White "Berggren Torell, Harald"]
[Black "Larsson, Anders"]
[Result "1/2-1/2"]
[WhiteElo "2128"]
[BlackElo "2266"]

1.e4 e5 2.Nf3 Nc6 3.Bb5 a6 4.Ba4 Nf6 5.Qe2 Be7 6.O-O b5 7.Bb3 O-O 8.c3 d6 
9.Rd1 Na5 10.Bc2 c5 11.d4 Qc7 12.d5 Nc4 13.a4 Bd7 14.b3 Nb6 15.a5 Nc8 16.
Nbd2 h6 17.Nf1 Nh7 18.Ne3 Qd8 19.h3 Ng5 20.Nd2 Nh7 21.Nf5 Bg5 22.g4 Bf4 
23.Nf3 Bxc1 24.Rdxc1 Ng5 25.Nxg5 hxg5 26.Ne3 Qf6 27.f3 Ne7 28.Qf2 Ng6 29.
Ng2 Nf4 30.Nxf4 Qxf4 31.Kg2 g6 32.Qg3 Kg7 33.Qxf4 exf4 34.Bd3 Kf6 35.Kf2 
Rh8 36.Bf1 Rab8 37.Re1 Ke5 38.Rad1 Bc8 39.Rd2 Bd7 40.Rdd1 Rbe8 41.Rd2 Kf6 
42.Rc2 Re5 43.Rb1 Kg7 44.b4 c4 45.Rd1 f5 46.Bg2 Kf6 47.Re2 Rhe8 48.Rd4 
R5e7 49.Re1 Rh8 50.Rdd1 fxg4 51.fxg4 Ke5 52.Kf3 Reh7 53.Rh1 Rh4 54.Rde1 
R8h7 1/2-1/2

[Event "Svenska cupen 2016"]
[Site "Linkoping"]
[Date "2016.09.10"]
[Round "4.3"]
[White "Glimbrandt, Torbjorn"]
[Black "Bengtsson, Jonas"]
[Result "1-0"]
[WhiteElo "2218"]
[BlackElo "2084"]

1.d4 Nf6 2.c4 e6 3.Nf3 b6 4.g3 Ba6 5.b3 Bb4+ 6.Bd2 Be7 7.Bg2 c6 8.Bc3 d5 
9.Ne5 Nfd7 10.Nxd7 Nxd7 11.Nd2 Rc8 12.O-O O-O 13.e4 c5 14.exd5 exd5 15.
dxc5 dxc4 16.c6 Nb8 17.Nxc4 Bf6 18.Qxd8 Rfxd8 19.Bxf6 gxf6 20.Rfd1 Rxd1+ 
21.Rxd1 Bxc4 22.bxc4 Nxc6 23.Rd7 Ne5 24.Rxa7 Rxc4 25.Bd5 Rd4 26.Bb3 Nc4 
27.Rb7 Kg7 28.Kg2 Kg6 29.h4 h5 30.Rc7 Ne5 31.Rb7 Rd2 32.Kf1 Ng4 33.Bxf7+ 
Kh6 34.Rxb6 Rxf2+ 35.Ke1 Rg2 36.a4 Ne5 37.Bd5 Nd3+ 38.Kf1 Rxg3 39.Rxf6+ 
Kg7 40.Rf3 Rg4 41.Rxd3 Rxa4 42.Rh3 Kf6 43.Bf3 Kg6 44.Kf2 Kh6 45.Kg3 Ra1 
46.Rh2 Rg1+ 47.Kf4 Ra1 48.Rd2 Ra5 49.Be4 1-0

[Event "Svenska cupen 2016"]
[Site "Linkoping"]
[Date "2016.09.10"]
[Round "4.4"]
[White "Andreasson, Vincent"]
[Black "Engstrom, Kaj"]
[Result "1-0"]
[WhiteElo "1972"]
[BlackElo "2159"]

1.d4 d5 2.Nf3 Nf6 3.c4 e6 4.Nc3 c6 5.e3 Bd6 6.Bd3 Nbd7 7.e4 Bb4 8.cxd5 
exd5 9.e5 Ng8 10.O-O Nf8 11.Qb3 Be7 12.Bd2 Ne6 13.a4 Nh6 14.Bxh6 gxh6 15.
Ne2 h5 16.Kh1 h6 17.Nfg1 Qb6 18.Qxb6 axb6 19.f4 c5 20.Nf3 c4 21.Bc2 Ng7 
22.Nc3 Be6 23.Ne1 f5 24.exf6 Bxf6 25.f5 Bf7 26.Nf3 O-O 27.Rae1 Rfd8 28.Ne5
Be8 29.Kg1 Ra5 30.Rf3 b5 31.axb5 Bxb5 32.Rg3 Be8 33.Nf3 Bf7 34.Ne5 Be8 35.
Nf3 Kf8 36.Ne5 Ra6 37.Ng6+ Bxg6 38.fxg6 Bxd4+ 39.Kf1 Rf6+ 40.Rf3 Rd6 41.
Nb5 Rxf3+ 42.gxf3 Rb6 43.Nxd4 Rxb2 44.Rb1 Rxb1+ 45.Bxb1 Ke7 46.Ke2 Kf6 47.
f4 h4 48.Ke3 Ne8 49.Nb5 Ke6 50.Kd4 Nf6 51.f5+ Ke7 52.Ke5 Ng4+ 53.Kxd5 Nxh2
54.g7 Kf7 55.f6 Ng4 56.Bg6+ 1-0